Валюты всех стран мира - Statistics

General Stats
  • This quiz has been taken 168 times
  • The average score is 104 of 196
Answer Stats
Страна Код Валюта % Correct
Австралия | Кирибати | Науру AUD Австралийский доллар
99%
Антигуа и Барбуда | Гренада | Доминика | +3 others XCD Восточнокарибский доллар
99%
Багамские острова BSD Багамский доллар
99%
Барбадос BBD Барбадосский доллар
99%
Белиз BZD Белизский доллар
99%
Бруней BND Брунейский доллар
99%
Восточный Тимор | Маршалловы острова | Палау | +5 others USD Доллар США
99%
Гайана GYD Гайанский доллар
99%
Канада CAD Канадский доллар
99%
Либерия LRD Либерийский доллар
99%
Намибия NAD Намибийский доллар
99%
Новая Зеландия NZD Новозеландский доллар
99%
Сингапур SGD Сингапурский доллар
99%
Соломоновы острова SBD Доллар Соломоновых островов
99%
Суринам SRD Суринамский доллар
99%
Тайвань TWD Новый тайваньский доллар
99%
Тринидад и Тобаго TTD Доллар Тринидада и Тобаго
99%
Фиджи FJD Фиджийский доллар
99%
Ямайка JMD Ямайский доллар
99%
Австрия | Андорра | Бельгия | +23 others EUR Евро
98%
Беларусь BYN Белорусский рубль
96%
Россия RUB Российский рубль
96%
Казахстан KZT Тенге
74%
Китай CNY Юань
71%
Украина UAH Гривна
68%
Турция TRY Лира
62%
Болгария EUR Евро
59%
Аргентина ARS Аргентинское песо
58%
Великобритания GBP Фунт стерлингов
58%
Доминиканская Республика DOP Доминиканское песо
58%
Египет EGP Египетский фунт
58%
Колумбия СОР Колумбийское песо
58%
Куба СUP Кубинское песо
58%
Ливан LBP Ливанский фунт
58%
Мексика MXN Мексиканское песо
58%
Сирия SYP Сирийский фунт
58%
Судан SDG Суданский фунт
58%
Уругвай UYU Уругвайское песо
58%
Филиппины PHP Филиппинское песо
58%
Чили СLP Чилийское песо
58%
Южный Судан SSP Южносуданский фунт
58%
Кыргызстан KGS Сом
56%
Бенин | Буркина-Фасо | Гвинея-Бисау | +5 others XOF Западноафриканский франк КФА
55%
Бурунди BIF Бурундийский франк
55%
Габон | Камерун | Республика Конго | +3 others XAF Центральноафриканский франк КФА
55%
Гвинея GNF Гвинейский франк
55%
Демократическая Республика Конго XAF Конголезский франк
55%
Джибути DJF Франк Джибути
55%
Коморские острова KMF Коморский франк
55%
Лихтенштейн | Швейцария CHF Швейцарский франк
55%
Руанда RWF Руандийский франк
55%
Япония JPY Иена
54%
Дания DKK Датская крона
52%
Исландия ISK Исландская крона
52%
Норвегия NOK Норвежская крона
52%
Чехия CZK Чешская крона
52%
Швеция SEK Шведская крона
52%
Индия INR Индийская рупия
45%
Индонезия IDR Индонезийская рупия
45%
Корейская Народно-Демократическая Республика KPW Северокорейская вона
45%
Маврикий MUR Маврикийская рупия
45%
Непал NPR Непальская рупия
45%
Пакистан PKR Пакистанская рупия
45%
Республика Корея KRW Южнокорейская вона
45%
Сейшельские острова SCR Сейшельская рупия
45%
Шри-Ланка LKR Шри-ланкийская рупия
45%
Алжир DZD Алжирский динар
44%
Бахрейн BHD Бахрейнский динар
44%
Иордания JOD Иорданский динар
44%
Ирак IQD Иракский динар
44%
Кувейт KWD Кувейтский динар
44%
Ливия LYD Ливийский динар
44%
Сербия RSD Сербский динар
44%
Тунис TND Тунисский динар
44%
Марокко MAD Марокканский дирхам
43%
Объединённые Арабские Эмираты AED Дирхам ОАЭ
43%
Монголия MNT Тугрик
37%
Польша PLN Злотый
36%
Бразилия BRL Реал
34%
Грузия GEL Лари
34%
Израиль ILS Новый шекель
32%
Узбекистан UZS Сум
32%
Азербайджан AZN Азербайджанский манат
29%
Таиланд THB Бат
29%
Туркменистан TMT Туркменский манат
29%
Армения AMD Драм
27%
Босния и Герцеговина ВАМ Конвертируемая марка
26%
Молдова MDL Молдавский лей
26%
Румыния RON Румынский лей
26%
Венгрия HUF Форинт
24%
Иран IRR Иранский риал
24%
Йемен YER Йеменский риал
24%
Катар QAR Катарский риал
24%
Оман OMR Оманский риал
24%
Таджикистан TJS Сомони
21%
Вьетнам VND Донг
19%
Афганистан AFN Афгани
18%
Албания ALB Лек
13%
Венесуэла VES Суверенный боливар
13%
Кения KES Кенийский шиллинг
13%
Саудовская Аравия SAR Саудовский риал
13%
Сомали SOS Сомалийский шиллинг
13%
Танзания TZS Танзанийский шиллинг
13%
Уганда UGX Угандийский шиллинг
13%
Боливия BOB Боливиано
10%
Бангладеш BDT Така
9%
Северная Македония MKD Денар
9%
Южно-Африканская Республика ZAR Рэнд
9%
Вануату VUV Вату
8%
Ангола AOA Кванза
7%
Ботсвана BWP Пула
7%
Мавритания MRU Угия
7%
Мальдивы MVR Руфия
7%
Сьерра-Леоне SLE Леоне
7%
Гана GHS Седи
5%
Гондурас HNL Лемпира
5%
Замбия ZMK Замбийская квача
5%
Лаос LAK Кип
5%
Малави MWK Малавийская квача
5%
Малайзия MYR Ринггит
5%
Мьянма MMK Кьят
5%
Перу PEN Новый соль
5%
Эфиопия ЕТВ Быр
5%
Гаити HTG Гурд
4%
Гамбия GMD Даласи
4%
Гватемала GTQ Кетцаль
4%
Мозамбик MZN Метикал
4%
Нигерия NGN Найра
4%
Папуа-Новая Гвинея PGK Кина
4%
Самоа WST Тала
4%
Сан-Томе и Принсипи STD Добра
4%
Бутан BTN Нгултрум
3%
Кабо-Верде CVE Эскудо
3%
Камбоджа KHR Риель
3%
Коста-Рика CRC Колон
3%
Лесото LSL Лоти
3%
Мадагаскар MGA Ариари
3%
Никарагуа NIO Кордоба
3%
Панама PAB Бальбоа
3%
Парагвай PYG Гуарани
3%
Тонга ТОР Паанга
3%
Зимбабве ZMG Золотой
2%
Эритрея ERN Накфа
2%
Эсватини SZL Лилангени
1%
No matching quizzes found
Score Distribution
Percent of People with Each Score
Percentile by Number Answered
Your Score History
You have not taken this quiz